ბათუმის შოთა რუსთაველის სახელმწიფო უნივერსიტეტის ბიბლიოთეკა

Природа Земли и происхождение человека / (ბიბ.ჩანაწერი № 60969)

000 -LEADER
fixed length control field 00579nam a22001697a 4500
005 - DATE AND TIME OF LATEST TRANSACTION
control field 20231130150238.0
008 - FIXED-LENGTH DATA ELEMENTS--GENERAL INFORMATION
fixed length control field 231130s1966 ru ||||| |||| 00| 0 rus d
041 ## - LANGUAGE CODE
Language code of text/sound track or separate title rus
080 ## - UNIVERSAL DECIMAL CLASSIFICATION NUMBER
Universal Decimal Classification number 572.4 Р-47
100 ## - MAIN ENTRY--PERSONAL NAME
Personal name Решетов, Ю.Г.
9 (RLIN) 20532
245 ## - TITLE STATEMENT
Title Природа Земли и происхождение человека /
Statement of responsibility, etc. Ю.Г Решетов.
264 ## - PRODUCTION, PUBLICATION, DISTRIBUTION, MANUFACTURE, AND COPYRIGHT NOTICE
Place of production, publication, distribution, manufacture Москва:
Name of producer, publisher, distributor, manufacturer Мысль,
Date of production, publication, distribution, manufacture, or copyright notice 1966.
300 ## - PHYSICAL DESCRIPTION
Extent 375 с.
Other physical details 21 см.
653 ## - INDEX TERM--UNCONTROLLED
keyword ევოლუცია
653 ## - INDEX TERM--UNCONTROLLED
keyword ადამიანის წარმოშობა
942 ## - ADDED ENTRY ELEMENTS (KOHA)
Source of classification or shelving scheme
Koha item type წიგნი
ეგზემპლარები
Withdrawn status Lost status Source of classification or shelving scheme Damaged status Not for loan Permanent Location Current Location Shelving location Date acquired Cost, normal purchase price Full call number Barcode Date last seen Copy number Uniform Resource Identifier Price effective from Koha item type Public note
          ბათუმის შოთა რუსთაველის სახელმწიფო უნივერსიტეტის მთავარი ბიბლიოთეკა ბათუმის შოთა რუსთაველის სახელმწიფო უნივერსიტეტის მთავარი ბიბლიოთეკა წიგნსაცავი 2023-11-30 7.00 572.4 Р-47 65489 2023-11-30 65489 ბსუ-ს საპატიო დოქტორის გურამ ლორთქიფანიძის საჩუქარი 2023-11-30 წიგნი 7 ლ.